01001cam a2200265 i 450000100060000000300080000600500170001400800390003103500190007004000320008904100080012108200210012910000370015024500670018726000680025430000310032249000490035350000860040250000540048850400530054265000320059583000100062783000250063785600730066215818BD-RjUL20211208235907.0140211t1961 ii b 001 0 eng a(BD-RjUL)15873 aDLCcDLCdDLCdBD-RjULbeng aeng00a609.54bGOS 19611 aGode, P. K.q(Parshuram Krishna)10aStudies in Indian cultural history /cby P. K. Gode.nVolume-1 aHoshiarpur :bVishveshvaranand Vedic Research Institute,c1961, aV-1 (x, 495 p.) ;c25 cm.1 aVishveshvaranand Institute publication ; 189 aVol. 2 has imprint: Prof. P. K. Gode Collected Works Publishing Committee, Poona. aVol. 2 issued in series P. K. Gode studies, v. 5. aIncludes bibliographical references and indexes. 0aTechnologyzIndiaxHistory. 0vv. 5. 0aP. K. Gode studies ;413Table of contentsuhttp://www.loc.gov/catdir/toc/fy052/70911825.html